[Event "ROM-ch U12"]
[Site "Calimanesti Caciulata"]
[Date "2016.04.20"]
[Round "3"]
[White "Musca, Paul Constantin Cal"]
[Black "Ursache, George"]
[Result "1-0"]
[WhiteElo "1301"]
[BlackElo "1001"]
[PlyCount "113"]
[EventDate "2016.04.18"]
[EventType "swiss"]
[EventRounds "9"]
[EventCountry "ROU"]
[SourceTitle "CBM 172 Extra"]
[Source "ChessBase"]
[SourceDate "2016.06.21"]
[SourceVersion "1"]
[SourceVersionDate "2016.06.21"]
[SourceQuality "1"]

1. e4 e5 2. Nf3 Nc6 3. Bc4 h6 4. Nc3 Bc5 5. 0-0 Nf6 6. h3 0-0 7. d3 d6 8. Be3 Be6 9. Bb3 Qd7 10. Bxc5 dxc5 11. Ba4 Rad8 12. Bxc6 Qxc6 13. Nxe5 Qe8 14. Nf3 c4 15. Qe2 b5 16. a3 Nh5 17. Qe3 a6 18. Rfd1 Qe7 19. Rd2 Qf6 20. Kh1 Qf4 21. Qxf4 Nxf4 22. Rad1 cxd3 23. cxd3 Rd7 24. b4 Rfd8 25. d4 f5 26. d5 Bf7 27. Ne5 Rd6 28. Nxf7 Kxf7 29. exf5 c6 30. Rd4 Nh5 31. Ne4 R6d7 32. Nc5 Rd6 33. Nb7 Ke7 34. Nxd8 Kxd8 35. dxc6 Rxd4 36. Rxd4+ Kc7 37. g4 Nf6 38. h4 Kxc6 39. g5 hxg5 40. hxg5 Ne8 41. Rd8 Nd6 42. Rf8 Ne4 43. f6 Nxf6 44. gxf6 gxf6 45. Rxf6+ Kd7 46. Rxa6 Kc7 47. f4 Kb7 48. Re6 Kc7 49. f5 Kd7 50. Re1 Kd6 51. f6 Kd5 52. f7 Kc4 53. f8Q Kd3 54. Qd6+ Kc3 55. Re3+ Kb2 56. Qd2+ Kb1 57. Re1# 1-0

[Event "ROM-ch U08"]
[Site "Calimanesti"]
[Date "2013.04.03"]
[Round "3"]
[White "Antal, Hunor Zoltan"]
[Black "Musca, Paul Constantin Cal"]
[Result "1/2-1/2"]
[WhiteElo "1093"]
[BlackElo "1040"]
[PlyCount "57"]
[EventDate "2013.04.02"]
[EventType "swiss"]
[EventRounds "9"]
[EventCountry "ROU"]
[SourceTitle "CBM 153 Extra"]
[Source "ChessBase"]
[SourceDate "2013.04.22"]
[SourceVersion "1"]
[SourceVersionDate "2013.04.22"]
[SourceQuality "1"]

1. d4 d5 2. Nf3 Nf6 3. e3 Nc6 4. Bd3 e6 5. Nbd2 Bd6 6. c3 Bd7 7. 0-0 Ne7 8. e4 dxe4 9. Nxe4 Nxe4 10. Bxe4 Bc6 11. Bc2 Nd5 12. c4 Nf6 13. c5 Be7 14. Be3 Bb5 15. Ba4 Bxa4 16. Qxa4+ Qd7 17. Qxd7+ Nxd7 18. Bf4 c6 19. Be5 Nxe5 20. Nxe5 Bf6 21. f4 Bxe5 22. fxe5 0-0 23. Rae1 Rad8 24. Rd1 f5 25. exf6 Rxf6 26. Rxf6 gxf6 27. Kf2 e5 28. Ke3 Kf7 29. Ke4 1/2-1/2